Zur Bestimmung des optimalen Verschuldungsgrades.

Určenie optimálnej výšky zadlženia pri financovaní investícií cudzím kapitálom v poľnohospodárstve bývalej NDR. Zváženie neistoty pri návratnosti investovaného kapitálu. Vývoj jednoduchého modelu prežitia a možnosti jeho rozšírenia.

Na minha lista:
Detalhes bibliográficos
Autor principal: Odening, M.
Formato: Capítulo de Livro
Idioma:alemão
Assuntos:
Tags: Adicionar Tag
Sem tags, seja o primeiro a adicionar uma tag!

MARC

LEADER 00000naa a2200000 4500
001 r004615
005 20221130102653.5
041 0 |a ger 
044 |a DE 
245 1 0 |a Zur Bestimmung des optimalen Verschuldungsgrades.  |c M. Odening 
520 |a Určenie optimálnej výšky zadlženia pri financovaní investícií cudzím kapitálom v poľnohospodárstve bývalej NDR. Zváženie neistoty pri návratnosti investovaného kapitálu. Vývoj jednoduchého modelu prežitia a možnosti jeho rozšírenia. 
610 2 0 |a financovanie investícií 
610 2 0 |a poľnohospodárstvo 
610 2 0 |a východné Nemecko 
610 2 0 |a dane 
610 2 0 |a podnik poľnohospodársky 
100 1 |a Odening, M.